000
00290nam a22001097a 4500
008
230704b xxu||||| |||| 00| 0 eng d
082
_a
341.08
_b
FOL 1954
245
_a
Documents on International Affairs 1951
260
_b
Oxford University Press
_c
1954
300
_a
XXV,698p
942
_2
ddc
_c
BK
999
_c
3675
_d
3675